[Event "Mazowiec-chT op 1617"]
[Site "Warsaw"]
[Date "2017.02.05"]
[Round "9.8"]
[White "Prazmowski, Wlodzimierz"]
[Black "Lesniak, Marek"]
[Result "0-1"]
[WhiteElo "1553"]
[BlackElo "1938"]
[PlyCount "66"]
[EventDate "2016.12.11"]
[EventType "team-swiss"]
[EventRounds "10"]
[EventCountry "POL"]
[SourceTitle "EXT 2019"]
[Source "ChessBase"]
[SourceDate "2018.10.10"]
[SourceVersion "1"]
[SourceVersionDate "2018.10.10"]
[SourceQuality "1"]

1. c4 c5 2. Nc3 Nf6 3. g3 b6 4. Bg2 Nc6 5. e3 Bb7 6. Nf3 e6 7. 0-0 Be7 8. d4 d5 9. cxd5 exd5 10. Qa4 0-0 11. Rd1 c4 12. Ne5 Rc8 13. Bh3 Qc7 14. Bxc8 Rxc8 15. Nb5 Qb8 16. Nxc6 Bxc6 17. Qxa7 Bxb5 18. Qxe7 Re8 19. Qb4 Bd7 20. f3 Nh5 21. Qe1 b5 22. Qf2 Re6 23. g4 Rg6 24. Kf1 Nf6 25. Qg3 Qc8 26. h3 h5 27. Ke2 hxg4 28. hxg4 Nxg4 29. Qf4 Nf6 30. Rf1 c3 31. b3 b4 32. Rh1 Qa6+ 33. Ke1 Rg2 0-1

[Event "Mazowiec-chT op 1617"]
[Site "Warsaw"]
[Date "2017.01.29"]
[Round "7.4"]
[White "Prazmowski, Wlodzimierz"]
[Black "Syrkiewicz, Michal"]
[Result "0-1"]
[WhiteElo "1553"]
[BlackElo "1245"]
[PlyCount "60"]
[EventDate "2016.12.11"]
[EventType "team-swiss"]
[EventRounds "10"]
[EventCountry "POL"]
[SourceTitle "EXT 2019"]
[Source "ChessBase"]
[SourceDate "2018.10.10"]
[SourceVersion "1"]
[SourceVersionDate "2018.10.10"]
[SourceQuality "1"]

1. c4 e5 2. Nc3 Nf6 3. g3 Nc6 4. Bg2 Bc5 5. e3 0-0 6. Nge2 d6 7. 0-0 Be6 8. d4 exd4 9. exd4 Nxd4 10. Nxd4 Bxc4 11. Re1 c6 12. Bg5 h6 13. Be3 Re8 14. a3 a5 15. Qc2 Qe7 16. Bf3 Bxd4 17. Bxc6 bxc6 18. Bxd4 Qd8 19. Ne4 Nxe4 20. Qxc4 c5 21. Bxg7 d5 22. Qe2 Kxg7 23. Qg4+ Qg5 24. Qd7 Rad8 25. Qb5 Qf5 26. Re2 Nd6 27. Rxe8 Nxb5 28. Rxd8 d4 29. Re1 d3 30. Rde8 d2 0-1

[Event "Warsaw-ch opB 65th"]
[Site "Warsaw"]
[Date "2012.05.29"]
[Round "4"]
[White "Prazmowski, Wlodzimierz"]
[Black "Bujalski, Mateusz"]
[Result "1-0"]
[WhiteElo "1609"]
[BlackElo "1281"]
[PlyCount "119"]
[EventDate "2012.05.26"]
[EventType "swiss"]
[EventRounds "9"]
[EventCountry "POL"]
[SourceTitle "EXT 2014"]
[Source "ChessBase"]
[SourceDate "2013.11.20"]
[SourceVersion "1"]
[SourceVersionDate "2013.11.20"]
[SourceQuality "1"]

1. d4 f5 2. g3 Nf6 3. c4 g6 4. Nc3 Bg7 5. Nf3 0-0 6. Bg2 d6 7. h4 Bd7 8. Ng5 Nc6 9. e3 h6 10. Nh3 b6 11. Nf4 Kh7 12. Bxc6 Bxc6 13. Ne6 Qd7 14. Nxf8+ Rxf8 15. d5 Bb7 16. Ne2 Ba6 17. Qc2 c6 18. Nf4 Qc8 19. Ne6 Re8 20. Nxg7 Kxg7 21. Qc3 cxd5 22. cxd5 Qxc3+ 23. bxc3 Nxd5 24. Bb2 Kf7 25. Kd2 e5 26. Rhd1 Ke6 27. a4 Rc8 28. Rac1 Bc4 29. Ra1 Bb3 30. e4 Nf6 31. exf5+ gxf5 32. Rg1 Ne4+ 33. Ke3 Nxc3 34. Rgc1 Nd5+ 35. Kd2 Rg8 36. Ra3 Rg4 37. Rxb3 Rxa4 38. Ra1 Rxa1 39. Bxa1 a5 40. Rb5 h5 41. f3 e4 42. fxe4 fxe4 43. Bd4 Nb4 44. Bxb6 Nc6 45. Bxa5 Nxa5 46. Rxa5 d5 47. Ke3 Ke5 48. Rb5 Ke6 49. Kd4 Kf5 50. Rxd5+ Kg4 51. Rg5+ Kf3 52. Rxh5 Kxg3 53. Kxe4 Kg4 54. Rh8 Kh3 55. Kf3 Kh2 56. Rg8 Kh3 57. h5 Kh4 58. h6 Kh3 59. h7 Kh4 60. h8Q# 1-0

[Event "Warsaw-ch opB 65th"]
[Site "Warsaw"]
[Date "2012.05.28"]
[Round "3"]
[White "Moscicka, Pola"]
[Black "Prazmowski, Wlodzimierz"]
[Result "1-0"]
[WhiteElo "1251"]
[BlackElo "1609"]
[PlyCount "85"]
[EventDate "2012.05.26"]
[EventType "swiss"]
[EventRounds "9"]
[EventCountry "POL"]
[SourceTitle "EXT 2014"]
[Source "ChessBase"]
[SourceDate "2013.11.20"]
[SourceVersion "1"]
[SourceVersionDate "2013.11.20"]
[SourceQuality "1"]

1. e4 c5 2. Nf3 Nc6 3. d4 cxd4 4. Nxd4 Nf6 5. Nc3 g6 6. Bc4 Bg7 7. Be3 0-0 8. 0-0 e6 9. Bb3 a6 10. h3 b5 11. Nxc6 dxc6 12. Qd3 Qc7 13. a3 c5 14. Qe2 Bb7 15. f3 b4 16. axb4 cxb4 17. Na4 Bc6 18. Nb6 Bb5 19. Nxa8 Rxa8 20. Qxb5 axb5 21. Rxa8+ Bf8 22. Bh6 Qc5+ 23. Kh1 Nd7 24. Rd1 Qh5 25. Bxf8 Nxf8 26. Rdd8 Kg7 27. Rxf8 Qe5 28. Rg8+ Kh6 29. Ra2 f5 30. Re8 Qf4 31. Ra1 fxe4 32. fxe4 e5 33. Bd5 Qd2 34. Rc8 Kh5 35. Rc5 Qd4 36. Rxb5 Qxb2 37. Rf1 Qxc2 38. Rxb4 g5 39. Rb7 h6 40. Rh7 g4 41. hxg4+ Kxg4 42. Rg7+ Kh4 43. g3+ 1-0

[Event "Warsaw-ch opB 65th"]
[Site "Warsaw"]
[Date "2012.05.27"]
[Round "2"]
[White "Prazmowski, Wlodzimierz"]
[Black "Mantaev, Ruslan"]
[Result "1-0"]
[WhiteElo "1609"]
[BlackElo "1249"]
[PlyCount "43"]
[EventDate "2012.05.26"]
[EventType "swiss"]
[EventRounds "9"]
[EventCountry "POL"]
[SourceTitle "EXT 2014"]
[Source "ChessBase"]
[SourceDate "2013.11.20"]
[SourceVersion "1"]
[SourceVersionDate "2013.11.20"]
[SourceQuality "1"]

1. d4 d5 2. c4 e6 3. Nc3 Bb4 4. Nf3 Nd7 5. e3 b6 6. Bd2 Bxc3 7. Bxc3 Ngf6 8. Bd3 0-0 9. Qc2 dxc4 10. Bxc4 Nd5 11. Bd2 Bb7 12. Rc1 Rc8 13. e4 Ne7 14. Bg5 Qe8 15. Bd3 Ng6 16. h4 c5 17. Qa4 a5 18. Bb5 Rc7 19. h5 Bxe4 20. hxg6 Bxg6 21. Ne5 Qb8 22. Nxd7 1-0

[Event "Warsaw Najdorf Memorial op-B"]
[Site "Warsaw"]
[Date "2011.07.14"]
[Round "1"]
[White "Zochowski, Kacper"]
[Black "Prazmowski, Wlodzimierz"]
[Result "1-0"]
[WhiteElo "1954"]
[BlackElo "1626"]
[PlyCount "87"]
[EventDate "2011.07.14"]
[EventType "swiss"]
[EventRounds "9"]
[EventCountry "POL"]
[SourceTitle "EXT 2012"]
[Source "ChessBase"]
[SourceDate "2011.11.24"]
[SourceVersion "1"]
[SourceVersionDate "2011.11.24"]
[SourceQuality "1"]

1. e4 c5 2. Nf3 d6 3. d4 cxd4 4. Nxd4 Nf6 5. Nc3 a6 6. Bg5 e6 7. f4 Be7 8. Qf3 Qc7 9. 0-0-0 Bd7 10. Bd3 Nc6 11. Nb3 Rc8 12. Rhe1 b5 13. Kb1 h6 14. Bxf6 Bxf6 15. Bxb5 Bxc3 16. Qxc3 axb5 17. Qxg7 Ke7 18. e5 dxe5 19. fxe5 Rhg8 20. Qf6+ Ke8 21. Nc5 Nb8 22. Ne4 Qxc2+ 23. Ka1 Rc6 24. Nd6+ Rxd6 25. exd6 Nc6 26. Rc1 Qg6 27. Qf2 Qg5 28. h4 Qd8 29. Rf1 Rg7 30. Qf3 Nb4 31. Qc3 Qa5 32. a3 Rg8 33. Qxb4 Qxb4 34. axb4 Rg4 35. Rfd1 Rxb4 36. g3 e5 37. Rc3 f5 38. Ra3 Kf7 39. Ra8 Rg4 40. Rd8 Ke6 41. Rh8 Rxg3 42. Rh7 Bc6 43. d7 Bxd7 44. Rxh6+ 1-0

[Event "Warsaw-ch opB 64th"]
[Site "Warsaw"]
[Date "2011.05.12"]
[Round "6"]
[White "Prazmowski, Wlodzimierz"]
[Black "Wrabel, Antoni"]
[Result "1/2-1/2"]
[WhiteElo "1619"]
[BlackElo "1752"]
[PlyCount "37"]
[EventDate "2011.05.07"]
[EventType "swiss"]
[EventRounds "9"]
[EventCountry "POL"]
[SourceTitle "EXT 2012"]
[Source "ChessBase"]
[SourceDate "2011.11.24"]
[SourceVersion "1"]
[SourceVersionDate "2011.11.24"]
[SourceQuality "1"]

1. d4 d5 2. c4 e6 3. Nc3 Nf6 4. Bg5 Nbd7 5. e3 c6 6. Nf3 Be7 7. cxd5 Nxd5 8. Nxd5 exd5 9. Bxe7 Qxe7 10. Bd3 0-0 11. 0-0 Re8 12. Qc2 Nf8 13. Bf5 g6 14. Bxc8 Raxc8 15. Rac1 Ne6 16. Rfe1 Qd6 17. Qa4 a6 18. Rc2 Kg7 19. b4 1/2-1/2

[Event "Warsaw-ch opB 64th"]
[Site "Warsaw"]
[Date "2011.05.10"]
[Round "4"]
[White "Prazmowski, Wlodzimierz"]
[Black "Ceglowski, Ryszard"]
[Result "1/2-1/2"]
[WhiteElo "1619"]
[BlackElo "1858"]
[PlyCount "57"]
[EventDate "2011.05.07"]
[EventType "swiss"]
[EventRounds "9"]
[EventCountry "POL"]
[SourceTitle "EXT 2012"]
[Source "ChessBase"]
[SourceDate "2011.11.24"]
[SourceVersion "1"]
[SourceVersionDate "2011.11.24"]
[SourceQuality "1"]

1. c4 Nf6 2. d4 g6 3. Nc3 d5 4. cxd5 Nxd5 5. e4 Nxc3 6. bxc3 Bg7 7. Bc4 0-0 8. Nf3 c5 9. Be3 Nc6 10. 0-0 cxd4 11. cxd4 Bg4 12. e5 Bxf3 13. gxf3 e6 14. f4 Ne7 15. Qf3 Rc8 16. Rac1 Qd7 17. Rfd1 b5 18. Bb3 Rxc1 19. Bxc1 Rc8 20. Ba3 a5 21. Bxe7 Qxe7 22. Rd3 Bh6 23. d5 exd5 24. Bxd5 Qc5 25. e6 Qc1+ 26. Kg2 Qxf4 27. exf7+ Kf8 28. Qxf4 Bxf4 29. Be6 1/2-1/2

[Event "Rewal op-B 15th"]
[Site "Rewal"]
[Date "2010.08.18"]
[Round "1"]
[White "Krajewicz, Pawel"]
[Black "Prazmowski, Wlodzimierz"]
[Result "1-0"]
[WhiteElo "2005"]
[BlackElo "1696"]
[PlyCount "76"]
[EventDate "2010.08.18"]
[EventType "swiss"]
[EventRounds "9"]
[EventCountry "POL"]
[SourceTitle "EXT 2014"]
[Source "ChessBase"]
[SourceDate "2013.11.20"]
[SourceVersion "1"]
[SourceVersionDate "2013.11.20"]
[SourceQuality "1"]

1. d4 d5 2. c4 e6 3. Nc3 Nf6 4. cxd5 exd5 5. Bg5 c6 6. Qc2 Be7 7. e3 0-0 8. Bd3 h6 9. Bh4 Nbd7 10. Nge2 Re8 11. 0-0 Nf8 12. Rae1 Nh5 13. Bxe7 Qxe7 14. a3 Qg5 15. b4 Bh3 16. Ng3 Nxg3 17. hxg3 Bd7 18. Qb3 a6 19. Na4 Rad8 20. Nc5 Bc8 21. a4 Nd7 22. Rc1 Nxc5 23. Rxc5 Qf6 24. b5 axb5 25. axb5 Bd7 26. bxc6 bxc6 27. Rb1 Qd6 28. Rcc1 Rb8 29. Qc3 g6 30. Rxb8 Rxb8 31. Ra1 Qb4 32. Qc2 Kg7 33. Qd1 h5 34. Qf3 Qd6 35. Ra7 Be8 36. e4 dxe4 37. Qxe4 Rd8 38. Bc2 Rd7 1-0

[Event "Warsaw Najdorf Memorial op-B"]
[Site "Warsaw"]
[Date "2010.07.17"]
[Round "2"]
[White "Hagner, Pawel"]
[Black "Prazmowski, Wlodzimierz"]
[Result "1-0"]
[WhiteElo "1901"]
[BlackElo "1701"]
[PlyCount "165"]
[EventDate "2010.07.17"]
[EventType "swiss"]
[EventRounds "9"]
[EventCountry "POL"]
[SourceTitle "CBM 137 Extra"]
[Source "ChessBase"]
[SourceDate "2010.09.01"]
[SourceVersion "1"]
[SourceVersionDate "2010.09.01"]
[SourceQuality "1"]

1. d4 d5 2. Nf3 Nf6 3. Bg5 e6 4. e3 Nbd7 5. Nbd2 c5 6. c3 Qb6 7. Qc2 Bd6 8. a4 c4 9. e4 Nxe4 10. Nxe4 dxe4 11. Nd2 h6 12. Bh4 g5 13. Bg3 Bxg3 14. hxg3 f5 15. Nxc4 Qc7 16. Be2 Nb6 17. Bh5+ Ke7 18. Ne5 Kf6 19. g4 Nc4 20. gxf5 exf5 21. Nxc4 Qxc4 22. Be2 Qc7 23. Qd2 Bd7 24. Qc2 Rae8 25. 0-0 g4 26. Bb5 h5 27. Qb3 h4 28. Qd5 Be6 29. Qe5+ Qxe5 30. dxe5+ Kxe5 31. Bxe8 Rxe8 32. Rfd1 f4 33. Rd4 f3 34. gxf3 gxf3 35. Kh2 h3 36. Rg1 Kf4 37. Rg7 Kf5 38. Rd6 Ke5 39. Rd4 e3 40. fxe3 f2 41. Rf4 Bb3 42. Rxb7 Bxa4 43. Rxa7 Bc6 44. Rxf2 Bg2 45. Rf4 Rb8 46. b4 Rd8 47. Ra5+ Ke6 48. Rh4 Rd3 49. Rh6+ Kf7 50. Ra7+ Kg8 51. Rb6 Rd8 52. c4 Bf1 53. Rg6+ Kh8 54. Ra2 Bxc4 55. Rf2 Rd3 56. Rf3 Kh7 57. Rg4 Rd2+ 58. Kh1 Rd1+ 59. Kh2 Bf1 60. Rh4+ Kg6 61. Rg3+ Kf5 62. Rf4+ Ke6 63. Rg6+ Ke5 64. Rgf6 Bg2 65. Rh6 Re1 66. Rh5+ Ke6 67. e4 Bxe4 68. Kxh3 Rh1+ 69. Kg4 Rg1+ 70. Kh4 Rh1+ 71. Kg5 Rg1+ 72. Rg4 Re1 73. Rh8 Kd7 74. Rf4 Rg1+ 75. Kf6 Rg6+ 76. Ke5 Re6+ 77. Kd4 Bc6 78. Rf7+ Re7 79. Rxe7+ Kxe7 80. Kc5 Be8 81. b5 Bg6 82. b6 Be4 83. b7 1-0

[Event "Warsaw YMCA Winter-D 71st"]
[Site "Warsaw"]
[Date "2010.01.26"]
[Round "4"]
[White "Prazmowski, Wlodzimierz"]
[Black "Woloszyn, Piotr"]
[Result "1-0"]
[WhiteElo "1670"]
[BlackElo "1782"]
[PlyCount "93"]
[EventDate "2010.01.05"]
[EventType "tourn"]
[EventRounds "13"]
[EventCountry "POL"]
[SourceTitle "EXT 2011"]
[Source "ChessBase"]
[SourceDate "2010.11.26"]
[SourceVersion "1"]
[SourceVersionDate "2010.11.26"]
[SourceQuality "1"]

1. d4 d6 2. c4 e5 3. dxe5 dxe5 4. Qxd8+ Kxd8 5. Nf3 f6 6. Nc3 c6 7. Bd2 Be6 8. e3 Nd7 9. Na4 a5 10. Rd1 Kc7 11. a3 Nh6 12. Bd3 g5 13. 0-0 Nf7 14. Bc3 h5 15. Nd2 g4 16. Bg6 Ng5 17. f4 gxf3 18. Nxf3 Nxf3+ 19. Rxf3 Bg4 20. Rxd7+ Kxd7 21. Rxf6 Kd8 22. Bxe5 Be7 23. Rf2 Bg5 24. Bxh8 Bxe3 25. Bf6+ Kd7 26. Bh4 Rf8 27. Kf1 Bxf2 28. Bxf2 b5 29. cxb5 cxb5 30. Nc5+ Kc6 31. h3 Bd1 32. Be4+ Kd6 33. Nb7+ Ke5 34. Nc5 Rf7 35. Ke1 Ba4 36. Bg6 Rg7 37. Bxh5 Bc2 38. Bd4+ Kxd4 39. Ne6+ Kc4 40. Nxg7 Kb3 41. Bd1 Kxb2 42. Bxc2 Kxc2 43. Nf5 b4 44. axb4 a4 45. Nd4+ Kc3 46. Kd1 Kb2 47. Nc2 1-0

[Event "Warsaw YMCA Winter-D 71st"]
[Site "Warsaw"]
[Date "2010.01.25"]
[Round "10"]
[White "Prazmowski, Wlodzimierz"]
[Black "Rytel, Jan"]
[Result "1-0"]
[WhiteElo "1670"]
[BlackElo "1579"]
[PlyCount "49"]
[EventDate "2010.01.05"]
[EventType "tourn"]
[EventRounds "13"]
[EventCountry "POL"]
[SourceTitle "EXT 2011"]
[Source "ChessBase"]
[SourceDate "2010.11.26"]
[SourceVersion "1"]
[SourceVersionDate "2010.11.26"]
[SourceQuality "1"]

1. d4 Nf6 2. c4 g6 3. Nf3 d5 4. Nc3 Bg7 5. cxd5 Nxd5 6. e4 Nb6 7. Be3 0-0 8. Rc1 Bg4 9. Be2 Nc6 10. d5 Bxf3 11. gxf3 Ne5 12. Qb3 Qd7 13. h4 c6 14. Bxb6 axb6 15. Qxb6 cxd5 16. Nxd5 Rxa2 17. Qb3 Rfa8 18. Nb6 Rxb2 19. Qe3 Raa2 20. Nxd7 Rxe2+ 21. Qxe2 Rxe2+ 22. Kxe2 Nxd7 23. Rc8+ Bf8 24. Rd1 Ne5 25. Rdd8 1-0

[Event "Warsaw Hetmanie-A 1st"]
[Site "Warsaw"]
[Date "2010.01.11"]
[Round "2"]
[White "Prazmowski, Wlodzimierz"]
[Black "Kurowski, Andrzej"]
[Result "0-1"]
[WhiteElo "1670"]
[BlackElo "1860"]
[PlyCount "84"]
[EventDate "2010.01.04"]
[EventType "tourn"]
[EventRounds "11"]
[EventCountry "POL"]
[SourceTitle "EXT 2023"]
[Source "ChessBase"]
[SourceDate "2022.10.05"]
[SourceVersion "1"]
[SourceVersionDate "2022.10.05"]
[SourceQuality "1"]

1. c4 f5 2. Nc3 Nf6 3. d4 g6 4. Qc2 Bg7 5. Nf3 d6 6. e4 fxe4 7. Nxe4 Nxe4 8. Qxe4 Nc6 9. Bd2 Bf5 10. Qe3 0-0 11. Bd3 Bg4 12. Bc3 Bxf3 13. gxf3 e5 14. d5 Nd4 15. Bxd4 exd4 16. Qe6+ Kh8 17. Be4 Qg5 18. Qg4 Qe5 19. Qg3 Rf4 20. Kd2 d3 21. Rab1 Bh6 22. Kxd3 c5 23. Rhd1 Qd4+ 24. Ke2 Qxc4+ 25. Rd3 Qc2+ 26. Rd2 Rxe4+ 27. fxe4 Bxd2 28. Qd3 Qxd3+ 29. Kxd3 Bf4 30. h3 b5 31. b3 a5 32. a4 Rb8 33. axb5 Rxb5 34. Kc2 Kg7 35. f3 Kf6 36. Ra1 Be5 37. Rf1 Kg5 38. h4+ Kf4 39. h5 gxh5 40. Rh1 Kxf3 41. Rxh5 Kxe4 42. Rxh7 Kxd5 0-1

[Event "Warsaw Najdorf Memorial op-C"]
[Site "Warsaw"]
[Date "2009.07.19"]
[Round "2"]
[White "Staniszewska, Urszula"]
[Black "Prazmowski, Wlodzimierz"]
[Result "1-0"]
[WhiteElo "1888"]
[BlackElo "1725"]
[PlyCount "77"]
[EventDate "2009.07.18"]
[EventType "swiss"]
[EventRounds "9"]
[EventCountry "POL"]
[SourceTitle "EXT 2012"]
[Source "ChessBase"]
[SourceDate "2011.11.24"]
[SourceVersion "1"]
[SourceVersionDate "2011.11.24"]
[SourceQuality "1"]

1. e4 c5 2. Nf3 d6 3. d4 cxd4 4. Nxd4 a6 5. c4 Nf6 6. Nc3 e5 7. Nc2 Be7 8. Be2 Qc7 9. Ne3 Be6 10. 0-0 Nc6 11. Ned5 Bxd5 12. cxd5 Na5 13. Be3 b5 14. Rc1 Qd7 15. f3 0-0 16. a4 Rab8 17. b4 Nc4 18. Bxc4 bxc4 19. b5 axb5 20. Nxb5 Rfc8 21. Qe2 Rxb5 22. axb5 Qxb5 23. Rb1 Qa4 24. Rfc1 Nh5 25. Qc2 Qd7 26. Rb4 c3 27. Rb3 Nf4 28. Bxf4 exf4 29. Rxc3 Rxc3 30. Qxc3 h5 31. Qc8+ Qxc8 32. Rxc8+ Bf8 33. g3 fxg3 34. hxg3 g6 35. e5 Kg7 36. f4 Be7 37. Re8 Bf8 38. e6 fxe6 39. dxe6 1-0

[Event "Warsaw op 04"]
[Site "Warsaw"]
[Date "2009.06.11"]
[Round "10"]
[White "Prazmowski, Wlodzimierz"]
[Black "Kwiek, Janusz"]
[Result "0-1"]
[WhiteElo "1725"]
[BlackElo "1744"]
[PlyCount "82"]
[EventDate "2009.04.07"]
[EventType "swiss"]
[EventRounds "11"]
[EventCountry "POL"]
[SourceTitle "EXT 2012"]
[Source "ChessBase"]
[SourceDate "2011.11.24"]
[SourceVersion "1"]
[SourceVersionDate "2011.11.24"]
[SourceQuality "1"]

1. c4 c5 2. Nc3 Nf6 3. g3 g6 4. Bg2 Bg7 5. Nf3 Nc6 6. 0-0 0-0 7. e3 e5 8. d3 d6 9. a3 Bg4 10. Qc2 Qd7 11. Nd2 Bh3 12. f4 Bxg2 13. Kxg2 exf4 14. Rxf4 Nh5 15. Rf2 Rae8 16. Nd5 f5 17. Nf3 Ne7 18. Bd2 Nxd5 19. cxd5 Nf6 20. Qb3 Qf7 21. Re1 Nxd5 22. Qa4 a6 23. Ng5 Qe7 24. e4 fxe4 25. Rxf8+ Rxf8 26. Rxe4 Qf6 27. Bf4 Nxf4+ 28. gxf4 Qxb2+ 29. Kg3 Qc3 30. Qc4+ Qxc4 31. dxc4 Bf6 32. Ne6 Rf7 33. h3 Re7 34. Kf3 Rd7 35. a4 h6 36. Ke3 Kf7 37. Kf3 b6 38. Kg4 d5 39. cxd5 Rxd5 40. Nc7 Rd3 41. Nxa6 h5# 0-1

[Event "Warsaw op 04"]
[Site "Warsaw"]
[Date "2009.06.05"]
[Round "9"]
[White "Rozowski, Marcin"]
[Black "Prazmowski, Wlodzimierz"]
[Result "1-0"]
[WhiteElo "1825"]
[BlackElo "1725"]
[PlyCount "67"]
[EventDate "2009.04.07"]
[EventType "swiss"]
[EventRounds "11"]
[EventCountry "POL"]
[SourceTitle "EXT 2012"]
[Source "ChessBase"]
[SourceDate "2011.11.24"]
[SourceVersion "1"]
[SourceVersionDate "2011.11.24"]
[SourceQuality "1"]

1. e4 c5 2. Nf3 d6 3. d4 cxd4 4. Nxd4 Nf6 5. Nc3 a6 6. Bg5 e6 7. f4 Be7 8. Qf3 Qc7 9. 0-0-0 0-0 10. g4 b5 11. f5 e5 12. Bxf6 Bxf6 13. Nd5 Bg5+ 14. Kb1 Qd8 15. Ne2 Bb7 16. h4 Be7 17. g5 Bxd5 18. exd5 f6 19. gxf6 Bxf6 20. Ng3 Qd7 21. Bd3 a5 22. Ne4 Na6 23. Ng5 Nc5 24. Qh5 h6 25. Ne6 Rf7 26. Rhg1 Kh8 27. Rg6 Nxd3 28. Rxd3 Ra7 29. Rdg3 Qe7 30. Rc3 Qd7 31. Qg4 b4 32. Rg3 Kh7 33. Rxh6+ Kg8 34. Qg6 1-0

[Event "Warsaw op 04"]
[Site "Warsaw"]
[Date "2009.05.25"]
[Round "6"]
[White "Prazmowski, Wlodzimierz"]
[Black "Potocki, Karol"]
[Result "0-1"]
[WhiteElo "1725"]
[BlackElo "1851"]
[PlyCount "73"]
[EventDate "2009.04.07"]
[EventType "swiss"]
[EventRounds "11"]
[EventCountry "POL"]
[SourceTitle "EXT 2012"]
[Source "ChessBase"]
[SourceDate "2011.11.24"]
[SourceVersion "1"]
[SourceVersionDate "2011.11.24"]
[SourceQuality "1"]

1. c4 Nf6 2. Nc3 e6 3. e4 d6 4. d4 Nbd7 5. f4 g6 6. Nf3 Bg7 7. e5 Ng8 8. Bd3 Ne7 9. g4 h5 10. Ng5 Nf8 11. Be3 c6 12. Qf3 hxg4 13. Qxg4 dxe5 14. fxe5 Nf5 15. Bxf5 exf5 16. Qe2 Bh6 17. h4 Bxg5 18. Bxg5 Qxg5 19. hxg5 Rxh1+ 20. Kd2 Rxa1 21. d5 Bd7 22. Kc2 0-0-0 23. Qf2 Kb8 24. a3 cxd5 25. cxd5 Rc8 26. Qf4 Ka8 27. Kb3 Be8 28. Qb4 Nd7 29. Qd6 Nc5+ 30. Kb4 Re1 31. Qe7 Nd3+ 32. Kb3 Rxe5 33. Qf6 f4 34. Kc2 Rf5 35. Qd6 Ne5 36. Qe7 f3 37. d6 0-1

[Event "Warsaw op-B 01"]
[Site "Warsaw"]
[Date "2009.03.24"]
[Round "12"]
[White "Nowicki, Bartosz"]
[Black "Prazmowski, Wlodzimierz"]
[Result "1/2-1/2"]
[WhiteElo "1944"]
[BlackElo "1725"]
[PlyCount "36"]
[EventDate "2009.01.06"]
[EventType "swiss"]
[EventRounds "13"]
[EventCountry "POL"]
[SourceTitle "EXT 2012"]
[Source "ChessBase"]
[SourceDate "2011.11.24"]
[SourceVersion "1"]
[SourceVersionDate "2011.11.24"]
[SourceQuality "1"]

1. e4 c5 2. Nf3 d6 3. d4 cxd4 4. Nxd4 Nf6 5. Nc3 a6 6. Bg5 e6 7. f4 Be7 8. Qf3 Nbd7 9. 0-0-0 Qc7 10. g4 b5 11. Bxf6 gxf6 12. Bg2 Bb7 13. Rhe1 b4 14. Nce2 Rc8 15. Rd2 d5 16. Ng3 Nb6 17. Rde2 Qc4 18. Nb3 Ba8 1/2-1/2

[Event "Warsaw op-B 01"]
[Site "Warsaw"]
[Date "2009.03.10"]
[Round "10"]
[White "Potocki, Karol"]
[Black "Prazmowski, Wlodzimierz"]
[Result "0-1"]
[WhiteElo "1851"]
[BlackElo "1725"]
[PlyCount "78"]
[EventDate "2009.01.06"]
[EventType "swiss"]
[EventRounds "13"]
[EventCountry "POL"]
[SourceTitle "EXT 2012"]
[Source "ChessBase"]
[SourceDate "2011.11.24"]
[SourceVersion "1"]
[SourceVersionDate "2011.11.24"]
[SourceQuality "1"]

1. d4 d5 2. c4 e6 3. Nf3 Nf6 4. Nc3 h6 5. Qc2 Be7 6. Bf4 c6 7. e3 Nbd7 8. h3 dxc4 9. Bxc4 Nb6 10. Bd3 Nbd5 11. Bh2 Nb4 12. Qe2 Nxd3+ 13. Qxd3 Nd5 14. 0-0 0-0 15. a3 a5 16. Rac1 b6 17. Rfd1 Ba6 18. Qd2 Rc8 19. Nxd5 Qxd5 20. Rc2 Rfd8 21. Rdc1 Bb7 22. b4 axb4 23. axb4 Qf5 24. Ne5 c5 25. bxc5 bxc5 26. Rb2 Ba8 27. Qc3 f6 28. g4 Qe4 29. f3 Qd5 30. Ng6 Bd6 31. Bxd6 Qxd6 32. Kg2 Kf7 33. dxc5 Qc6 34. Qc2 Qxf3+ 35. Kh2 Be4 36. Qa4 Kxg6 37. Qa2 Qxe3 38. Rg1 Qf4+ 39. Rg3 Rd1 0-1